LEADER 01271nam a2200265 u 4500 001 000000105838 003 CaOOAMICUS 005 20070626160750.0 008 070626s2005 nyu u000 u eng u 020 $a0-521-67867-6 040 $aPUL$bita$dLDB 100 1 $aDembrski, William A.,$d1960-$0(OLS)http://pul/name/65007 245 14$aThe design inference :$beliminating chance through small probabilities /$cWilliam A. Dembski. 260 $aNew York :$bCambridge University Press,$c2005. 300 $axvii, 243 p. ;$c23 cm 490 1 $aCambridge studies in probability, induction and decision theory 504 $aBibliografia : p. 231-238. 650 14$aStatistica.$0(OLS)http://pul/subject/9181 830 0$aCambridge studies in probability, induction and decision theory.$0(OLS)http://pul/title/133228 850 $aPUL 852 $aPUL$W1$xSL Cons. Gen., Altre Classi 3$y75$m001. 4 DEMWI 1$j119673$qDDC 21$B118670$CPULBib$Z2$F118670 $H101557 $82 941 1 $a9 996 $6020$a0-521-67867-6$9(OLS)http://pul/number/135002 996 $6245$aThe design inference :$beliminating chance through small probabilities$9(OLS)http://pul/title/133226 996 $6260$aNew York :$bCambridge University Press$9(OLS)http://pul/publisher/74871 LEADER 02027nam a2200397 a 4500 001 000000063122 003 CaOOAMICUS 005 20130410122524.0 008 011018s1999 be u000 u eng r 020 $a90-73683-30-0 035 $a10906994 040 $aPUL$bita 041 0 $aeng$aita$ager$afre 245 00$aExperience, organisations and bodies at Vatican II :$bproceedings of the Bologna Conference, December 1996 /$cM.T. Fattori, A. Melloni (eds.) 246 30$aProceedings of the Bologna Conference, december 1996 260 $aLeuven :$bBibliotheek van de Faculteit Godgeleerdheid,$c1999. 300 $axii, 484 p. ;$c24 cm 490 1 $aInstrumenta theologica ;$v21 500 $aTesti in varie lingue. 504 $aBibliografia in nota. 611 24$aConcilium Vaticanum$n(2 :$d1962-1965)$xCongressi.$0(OLS)http://pul/subject/8982 700 1 $aFattori, Maria Teresa.$0(OLS)http://pul/name/42886 700 1 $aMelloni, Alberto,$d1959-$0(OLS)http://pul/name/13983 710 2 $aUniversité Catholique de Louvain.$pFaculté de Théologie.$pCentre Lumen Gentium.$0(OLS)http://pul/name/85982 830 0$aInstrumenta theologica ;$v21.$0(OLS)http://pul/title/65078 850 $aPUL 852 $aPUL$W1$xFondo C.V.II$y119$mSTO GEN 27$j153407$qFondi$B152966$CPULBib$Z2$F152966 $HCVII 84 $82 852 $aPUL$W1$xDP2 Religione 3$y114$m262. 52 FATMA 1$j175863$nBK-PRI$b $qDDC 21$B81950$CPULBib$Z2$F81950 $H85079 $81 941 1 $a9 941 1 $a1 961 $aPrecedente collocazione: Teo 163 996 $6020$a90-73683-30-0$9(OLS)http://pul/number/152358 996 $6246$aProceedings of the Bologna Conference, december 1996$9(OLS)http://pul/title/168678 996 $6245$aExperience, organisations and bodies at Vatican II :$bproceedings of the Bologna Conference, December 1996$9(OLS)http://pul/title/84187 996 $6260$aLeuven :$bBibliotheek van de Faculteit Godgeleerdheid$9(OLS)http://pul/publisher/51962